000 01510nam a22003377a 4500
003 OSt
005 20260107034855.0
008 260107b ||||| |||| 00| 0 eng d
040 _bEnglish.
_cCvSU-CCAT Campus Library.
_erda.
050 _aUM S 671
_bP53 2022
245 _aPlant monitoring system for Cavite State University - CCAT Campus /
_cJohn August S. Bigalbal [and and four others].
260 _aRosario, Cavite :
_bCavite State University-CCAT Campus,
_c2022.
300 _axvii, 113 leaves :
_billustrations ;
_c28 cm
500 _aProject Design (BSCpE) -- Cavite State University-CCAT Campus, 2022.
504 _aIncludes bibliographical references and appendices.
546 _aIn English text
650 _aPlant monitoring -- Technological innovations -- Philippines.
_917416
650 _aArduino (Programmable controller).
_92867
650 _aMobile applications -- Agricultural use.
_917417
650 _aIrrigation -- Automatic control.
_917418
650 _aEnvironmental control systems -- Automation.
_917419
650 _aSystem analysis.
_92490
700 _aGutierrez, Hannah Rei M., author.
_917420
700 _aMingoy, Crisanto L., author.
_917421
700 _aPureza, Revi G., author.
_917422
700 _aTatlonghari, Christian Jay N., author.
_917423
700 _aEnrico, Kenneth J., adviser.
_95547
700 _aRamos, Michael Jr. M., technical critic.
_99041
942 _2lcc
_cT/M/D
_hS 671 P53 2022
_kUM
999 _c4438
_d4438